Statistics for all former and modern day federal republics

Click here to take the quiz!

General Stats

  • This quiz has been taken 32 times
  • The average score is 11 of 28

Answer Stats

Answerdates% Correct
united states1789
93%
germany1918
80%
russia1917-1991
73%
mexico1846-1864
70%
mexico1917
70%
brazil1889
67%
modern dayargentina1852
60%
india1950
50%
venezuela1811
50%
gran colombia1819-1886
47%
switzerland1848
47%
austria1934-38,45-present
43%
yugoslavia1946-2003
43%
pakistan1956
40%
nigeria1963-66,79-83,93,99-present
37%
bosnia1995
30%
ethiopia1994
30%
indonesia1949-1950
27%
soviet union1922-1991
27%
sudan1956
27%
somalia2012
20%
south sudan2011
20%
czechoslovakia1969-1992
17%
nepal2007
17%
serbia and montenegro2003-2006
17%
formercameroon1961-1972
13%
england1649-1953
7%
united provinces of central america1823-1840
7%

Score Distribution

Percentile by Number Answered

Percent of People with Each Score

Your Score History

You have not taken this quiz